| 000 | 00966nam a2200277 i 4500 | ||
|---|---|---|---|
| 001 | 11900 | ||
| 003 | KOSZ 005 | ||
| 005 | 20210525101042.0 | ||
| 008 | 070622s1969 pl a f 001 0 pol | ||
| 015 | _aPB 1970/222 | ||
| 040 |
_aWA N _cKOSZ 005/RW _dKOSZ 005/RW _dKOSZ 005/HR |
||
| 080 | _a530.1 | ||
| 100 | 1 |
_aŁopuszański, Jan Tadeusz _d(1923-2008 ). _eAutor |
|
| 245 | 1 | 0 |
_aFizyka statystyczna / _cJan Łopuszański, Andrzej Pawlikowski. |
| 260 |
_aWarszawa : _bPaństwowe Wydawnictwo Naukowe, _c1969. |
||
| 300 |
_a464 s. : _bil. ; _c25 cm. |
||
| 380 | _aKsiążki. | ||
| 388 | _a1901-2000 | ||
| 504 | _aBibliogr. s. [457]-460. Indeks. | ||
| 658 | _aFizyka | ||
| 650 | 4 | _aFizyka statystyczna | |
| 710 | 2 |
_aPaństwowe Wydawnictwo Naukowe _4pbl. |
|
| 700 | 1 |
_aPawlikowski, Andrzej _d(1928-1996) _eAutor |
|
| 856 |
_uhttp://koha.tu.koszalin.pl/cgi-bin/koha/opac-detail.pl?biblionumber=11900 _yKatalog online BPK |
||
| 942 |
_2UKD _cKS |
||
| 999 |
_c11900 _d11900 |
||